Венец Чингисхана: роман

Λεπτομέρειες βιβλιογραφικής εγγραφής
Κύριος συγγραφέας: Александрова Н. Наталья
Περίληψη:Много веков назад легендарный полководец и завоеватель Чингисхан создал одно из величайших государств Древнего мира. Им были покорены обширные территории, сотни народов признали его своим властелином и присоединились к Великой монгольской империи. По преданию, молодому Тимуджену помог в этом всесильный артефакт — венец, обладающий нербыкновенной властью и позволяющий повелевать целыми народами. После смерти Чищисхана следы венца затерялись в истории. В наши дни прикоснуться к тайнам прошлого пришлось бывшему менеджеру по рекламе Дине Гузеевой, которая мистическим образом оказывается втянутой в поиски древнего артефакта...
Γλώσσα:Ρωσικά
Έκδοση: Москва, Эксмо, 2011
Σειρά:Артефакт-детектив
Θέματα:
Μορφή: Βιβλίο
KOHA link:https://koha.lib.tpu.ru/cgi-bin/koha/opac-detail.pl?biblionumber=210440

MARC

LEADER 00000nam0a2200000 4500
001 210440
005 20231031192057.0
010 |a 9785699526789 
035 |a (RuTPU)RU\TPU\book\229843 
090 |a 210440 
100 |a 20120227d2011 m y0rusy50 ca 
101 0 |a rus 
102 |a RU 
105 |a y z 000ay 
200 1 |a Венец Чингисхана  |e роман  |f Н. Александрова 
210 |a Москва  |c Эксмо  |d 2011 
215 |a 320 с. 
225 1 |a Артефакт-детектив 
330 |a Много веков назад легендарный полководец и завоеватель Чингисхан создал одно из величайших государств Древнего мира. Им были покорены обширные территории, сотни народов признали его своим властелином и присоединились к Великой монгольской империи. По преданию, молодому Тимуджену помог в этом всесильный артефакт — венец, обладающий нербыкновенной властью и позволяющий повелевать целыми народами. После смерти Чищисхана следы венца затерялись в истории. В наши дни прикоснуться к тайнам прошлого пришлось бывшему менеджеру по рекламе Дине Гузеевой, которая мистическим образом оказывается втянутой в поиски древнего артефакта... 
610 1 |a романы 
610 1 |a детективы 
610 1 |a исторические романы 
675 |a Р2  |v 3 
700 1 |a Александрова  |b Н.  |g Наталья 
801 1 |a RU  |b 63413507  |c 20120227 
801 2 |a RU  |b 63413507  |c 20120306  |g RCR 
942 |c BK